logo image

Metric Spaces (Record no. 44333)

MARC details
000 -LEADER
fixed length control field 00422nam a22001817a 4500
003 - CONTROL NUMBER IDENTIFIER
control field OSt
005 - DATE AND TIME OF LATEST TRANSACTION
control field 20260323144348.0
008 - FIXED-LENGTH DATA ELEMENTS--GENERAL INFORMATION
fixed length control field 260323b |||||||| |||| 00| 0 eng d
020 ## - INTERNATIONAL STANDARD BOOK NUMBER
International Standard Book Number 9789349830950
040 ## - CATALOGING SOURCE
Transcribing agency BGL
082 ## - DEWEY DECIMAL CLASSIFICATION NUMBER
Classification number 514.32 BHA:M
100 ## - MAIN ENTRY--PERSONAL NAME
Personal name Bhatia Neha
245 ## - TITLE STATEMENT
Title Metric Spaces
260 ## - PUBLICATION, DISTRIBUTION, ETC.
Place of publication, distribution, etc. New Delhi
Name of publisher, distributor, etc. Ane Publishers & Dist.
Date of publication, distribution, etc. 2025
300 ## - PHYSICAL DESCRIPTION
Extent 194p
650 ## - SUBJECT ADDED ENTRY--TOPICAL TERM
Topical term or geographic name entry element Mathematics
942 ## - ADDED ENTRY ELEMENTS (KOHA)
Source of classification or shelving scheme Dewey Decimal Classification
Koha item type GB
Holdings
Withdrawn status Lost status Source of classification or shelving scheme Materials specified (bound volume or other part) Damaged status Not for loan Home library Current library Date acquired Source of acquisition Cost, normal purchase price Discount Net Cost Total Checkouts Full call number Barcode Date last seen Cost, replacement price Price effective from Koha item type
    Dewey Decimal Classification Hard Bound     BGL BGL 20.03.2026 United Book: 45/393 1100.00 20% 880.00   514.32 BHA:M 69673 23.03.2026 1100.00 23.03.2026 GB
    Dewey Decimal Classification Hard Bound     BGL BGL 20.03.2026 United Book: 45/393 1100.00 20% 880.00   514.32 BHA:M 69674 23.03.2026 1100.00 23.03.2026 GB

Powered by Koha